<?xml version="1.0" encoding="UTF-8"?>
<marc:record xmlns:marc="http://www.loc.gov/MARC21/slim">
   <marc:leader>00000nam a2200000 a 4500</marc:leader>
   <marc:datafield ind1="1" ind2=" " tag="100">
      <marc:subfield code="a">Sant, Gus van</marc:subfield>
   </marc:datafield>
   <marc:datafield ind1="0" ind2="0" tag="245">
      <marc:subfield code="a">Good Will Hunting</marc:subfield>
   </marc:datafield>
   <marc:datafield ind1=" " ind2="1" tag="264">
      <marc:subfield code="c">2000</marc:subfield>
   </marc:datafield>
   <marc:datafield ind1="1" ind2=" " tag="520">
      <marc:subfield code="a">Will Hunting verbringt sein Leben mit seinen Freunden zwischen Bars, Bier und Baseball, erledigt miese Jobs und prügelt sich auch mal ganz gerne. Eine Universität sieht Will nur von innen, wenn er für den Hausmeister die Flure wischt. Doch Will verfügt über eine geradezu geniale mathematische Intelligenz. Heimlich löst er die äußerst schwierige Aufgabe eines Mathematikers. Eines kann Will allerdings nicht: Als er wieder einmal mit dem Gesetz in Konflikt gerät, kann er sich vor Gericht nicht aus seinem drohenden Gefängnisurteil herausreden. Zu seiner einzigen Hoffnung wird - wider seinen Willen - ein Professor, der nur zu gut weiß, was es heißt, sein eigenes Spiel zu spielen und Regeln zu mißachten.</marc:subfield>
   </marc:datafield>
   <marc:datafield ind1="0" ind2=" " tag="490">
      <marc:subfield code="v">0</marc:subfield>
   </marc:datafield>
   <marc:datafield ind1=" " ind2=" " tag="300">
      <marc:subfield code="a">122 min</marc:subfield>
   </marc:datafield>
</marc:record>
